Statistics for SAT Words Click Quiz - U

Click here to take the quiz!

General Stats

  • This quiz has been taken 203 times
  • The average score is 13 of 15

Answer Stats

HintAnswer% Correct
Final demand or offerUltimatum
97%
MaintenanceUpkeep
93%
Move in a wave-like patternUndulate
90%
Pure, not taintedUnsullied
88%
Luxurious, high-classUpscale
86%
Supplication, seizure of powerUsurpation
86%
Sudden and drastic changeUpheaval
85%
Outdo, surpassUpstage
85%
Practical or usefulUtilitarian
85%
Present everywhereUbiquitous
84%
Shaded areaUmbra
84%
ResentmentUmbrage
80%
Sophisticated; culturedUrbane
73%
Scold, reprimandUpbraid
69%
Excessively, insincerely flatteringUnctuous
67%

Score Distribution

Percentile by Number Answered

Percent of People with Each Score

Your Score History

You have not taken this quiz